000
00286nam a2200121Ia 4500
008
190216s9999||||xx |||||||||||||| ||und||
100
_a
Linus Pauling
245
0
_a
College Chemistry
260
_b
Vakils Feffer & Simons Pvt.
_c
1964
300
_a
839p
650
_a
Chemistry
942
_c
BK
999
_c
1981
_d
1981